[Event "beatus homo qui invenit sapentiam"]
[Site "SchemingMind.com"]
[Date "2008.08.25"]
[Round "-"]
[White "pedrinho"]
[Black "tyler199"]
[Result "1-0"]
[WhiteCountry "GBR"]
[BlackCountry "CAN"]
[WhiteElo "1749"]
[WhiteRD "76"]
[BlackElo "1633"]
[BlackRD "53"]
[GameID "168591"]

1. d4 d5 2. Nf3 Nf6 3. e3 Bf5 4. c4 e6 5. b3 Nbd7 6. Nbd2 c6 7. Bb2 Be7 8. Be2 O-O 9. O-O Rc8 10. Nh4 Bg6
11. c5 Ne4 12. Nxg6 hxg6 13. f3 Nef6 14. e4 Kh7 15. e5 Ne8 16. f4 Rh8 17. Nf3 Kg8 18. a4 g5 19. fxg5 Bxg5 20. b4 Nf8
21. b5
1-0

[Event "beatus homo qui invenit sapentiam"]
[Site "SchemingMind.com"]
[Date "2008.08.25"]
[Round "-"]
[White "tyler199"]
[Black "pedrinho"]
[Result "0-1"]
[WhiteCountry "CAN"]
[BlackCountry "GBR"]
[WhiteElo "1633"]
[WhiteRD "53"]
[BlackElo "1749"]
[BlackRD "76"]
[GameID "168592"]

1. d4 Nf6 2. c4 c5 3. d5 b5 4. cxb5 a6 5. bxa6 g6 6. Nc3 Bxa6 7. e4 Bxf1 8. Kxf1 Bg7 9. g3 O-O 10. Nf3 d6
11. Kg2 Nbd7 12. Bd2 Qb6 13. Qc1 Ng4 14. h3 Nge5 15. Nxe5 Nxe5 16. b3 Nd3 17. Qf1 Nb4 18. Qc1 Nd3 19. Qf1 Ne5 20. f4 Nd7
21. h4 Rfb8
0-1

[Event "beatus homo qui invenit sapentiam"]
[Site "SchemingMind.com"]
[Date "2008.08.27"]
[Round "-"]
[White "Archon"]
[Black "pedrinho"]
[Result "0-1"]
[WhiteCountry "CAN"]
[BlackCountry "GBR"]
[WhiteElo "1718"]
[WhiteRD "54"]
[BlackElo "1749"]
[BlackRD "76"]
[GameID "168612"]

1. Nf3 d5 2. c4 Nf6 3. g3 b5 4. cxd5 Nxd5 5. Bg2 e6 6. O-O a5 7. Nc3 b4 8. Nxd5 exd5 9. d4 Bd6 10. Bg5 f6
11. Be3 O-O 12. Qb3 Be6 13. Ng5 fxg5 14. Bxd5 Bf7 15. Bxf7+ Rxf7 16. Qd5 Nd7 17. Bxg5 Qe8 18. Rae1 Nb6 19. Qg2 Rf5 20. Bc1 Rd5
21. e3 Qe6 22. b3 a4 23. e4 Rxd4 24. Be3 Qxe4 25. Qh3 Qg4 26. Qg2 axb3 27. Bxd4 Qxd4 28. axb3 Qd5 29. Re3 g6 30. Qh3 Bc5
31. Qe6+ Qxe6 32. Rxe6 Ra2 33. Rd1 Rxf2 34. Kh1 Bd6 35. Rexd6 cxd6 36. Rxd6 Nc4 37. bxc4 b3 38. Rb6 b2 39. Kg1 Rc2 40. c5 Rc1+
0-1

[Event "beatus homo qui invenit sapentiam"]
[Site "SchemingMind.com"]
[Date "2008.08.27"]
[Round "-"]
[White "Archon"]
[Black "tyler199"]
[Result "1-0"]
[WhiteCountry "CAN"]
[BlackCountry "CAN"]
[WhiteElo "1718"]
[WhiteRD "54"]
[BlackElo "1633"]
[BlackRD "53"]
[GameID "168613"]

1. Nf3 e6 2. c4 b6 3. g3 Bb7 4. Bg2 Nf6 5. O-O Be7 6. d4 O-O 7. Nc3 Ne4 8. Qc2 Nxc3 9. Qxc3 Bf6 10. Be3 Nc6
11. Qd2 Ne7 12. Rac1 Nf5 13. Bf4 d6 14. Rcd1 c5 15. d5 exd5 16. cxd5 Ba6 17. Rfe1 Re8 18. e4 Nd4 19. e5
1-0

[Event "beatus homo qui invenit sapentiam"]
[Site "SchemingMind.com"]
[Date "2008.08.27"]
[Round "-"]
[White "pedrinho"]
[Black "Archon"]
[Result "1-0"]
[WhiteCountry "GBR"]
[BlackCountry "CAN"]
[WhiteElo "1749"]
[WhiteRD "76"]
[BlackElo "1718"]
[BlackRD "54"]
[GameID "168614"]

1. d4 d6 2. Nf3 g6 3. c3 d5 4. e3 Bg7 5. Nbd2 Nf6 6. Be2 O-O 7. O-O Nbd7 8. a4 a5 9. b3 e6 10. Bb2 c5
11. Bd3 b6 12. Ne5 Nxe5 13. dxe5 Ne4 14. Nxe4 dxe4 15. Bxe4 Ra7 16. f4 Bb7 17. Bxb7 Rxb7 18. Qxd8 Rxd8 19. Rad1 Rbd7 20. Rxd7 Rxd7
21. g3 Rd2 22. Rf2 Rd3 23. Kf1 c4 24. bxc4 Bf8 25. Ke2 Rd7 26. e4 Bc5 27. Rf1 Kf8 28. g4 Ke7 29. Rf3 Kd8 30. Rh3 h5
31. gxh5 gxh5 32. Rxh5 Ke7 33. Rh8 Rd8 34. Rxd8 Kxd8 35. h4 Ke7 36. Bc1 Kf8 37. Be3 Kg7 38. Bxc5 bxc5 39. Kf3 Kh6 40. Kg4 Kg6
41. f5+ Kh6 42. h5 Kh7 43. Kg5 Kg7 44. h6+
1-0

[Event "beatus homo qui invenit sapentiam"]
[Site "SchemingMind.com"]
[Date "2008.08.27"]
[Round "-"]
[White "tyler199"]
[Black "Archon"]
[Result "0-1"]
[WhiteCountry "CAN"]
[BlackCountry "CAN"]
[WhiteElo "1633"]
[WhiteRD "53"]
[BlackElo "1718"]
[BlackRD "54"]
[GameID "168615"]

1. d4 d6 2. Nf3 g6 3. c4 Bg7 4. Nc3 Bg4 5. g3 Bxf3 6. exf3 e6 7. Bg2 Ne7 8. O-O O-O 9. Be3 d5 10. cxd5 exd5
11. Qd2 Nf5 12. g4 Nh4 13. Bg5 Bf6 14. Bxf6 Qxf6 15. Nxd5 Nxf3+ 16. Bxf3 Qxf3 17. Nxc7 Qxg4+ 18. Kh1 Qf3+ 19. Kg1 Qg4+
0-1

[Event "beatus homo qui invenit sapentiam"]
[Site "SchemingMind.com"]
[Date "2008.08.26"]
[Round "-"]
[White "jtaylor"]
[Black "pedrinho"]
[Result "0-1"]
[WhiteCountry "USA"]
[BlackCountry "GBR"]
[WhiteElo "1636"]
[WhiteRD "58"]
[BlackElo "1719"]
[BlackRD "97"]
[GameID "168652"]

1. e4 c5 2. Nf3 Nc6 3. d4 cxd4 4. Nxd4 Nf6 5. Nc3 e5 6. Ndb5 d6 7. Bg5 Be7 8. Bxf6 gxf6 9. Nd5 O-O 10. Nxe7+ Qxe7
11. Nxd6 Rd8
0-1

[Event "beatus homo qui invenit sapentiam"]
[Site "SchemingMind.com"]
[Date "2008.08.27"]
[Round "-"]
[White "jtaylor"]
[Black "Archon"]
[Result "1/2-1/2"]
[WhiteCountry "USA"]
[BlackCountry "CAN"]
[WhiteElo "1658"]
[WhiteRD "57"]
[BlackElo "1718"]
[BlackRD "54"]
[GameID "168653"]

1. e4 d6 2. d4 Nf6 3. Nc3 g6 4. Nf3 Bg7 5. Bc4 Nc6 6. Be3 O-O 7. Qd2 Bg4 8. O-O-O e5 9. d5 Nb8 10. Bh6 Bxf3
11. gxf3 Nbd7 12. Rdg1 Nh5 13. Bxg7 Kxg7 14. Be2 Nf4 15. h4 h5 16. Bf1 Kh7 17. Ne2 Qf6 18. Nxf4 Qxf4 19. Qxf4 exf4 20. Be2 Ne5
21. b4 a6 22. c4 Rfc8 23. Kc2 Kh6 24. a4 b6 25. Kc3 Kg7 26. Kd4 Kf6 27. Rc1 Ke7 28. c5 bxc5+ 29. bxc5 Kf6 30. cxd6 cxd6
31. Rxc8 Rxc8 32. Bxa6 Ra8 33. Bb5 Nxf3+ 34. Kd3 Ne5+ 35. Ke2 Rc8 36. f3 Rc2+ 37. Kd1 Ra2 38. Rf1 Ra3 39. Ke2 Ke7 40. Rf2 Nd7
41. Ke1 Ne5 42. Ke2= Nd7 43. Kf1 Nb6 44. Rc2 Nxa4 45. Rc7+ Kf6 46. Kg2 Nc3 47. Be8 Ra2+ 48. Kf1 Ra1+ 49. Kg2 Ra2+ 50. Kf1 Nd1
51. Rxf7+ Ke5 52. Ke1 Ne3 53. Re7+ Kd4 54. Bxg6 Ng2+ 55. Kf1 Ne3+ 56. Ke1 Ng2+=
1/2-1/2

[Event "beatus homo qui invenit sapentiam"]
[Site "SchemingMind.com"]
[Date "2008.08.26"]
[Round "-"]
[White "jtaylor"]
[Black "tyler199"]
[Result "1-0"]
[WhiteCountry "USA"]
[BlackCountry "CAN"]
[WhiteElo "1658"]
[WhiteRD "57"]
[BlackElo "1633"]
[BlackRD "53"]
[GameID "168654"]

1. e4 e6 2. d4 d5 3. Nc3 Nf6 4. e5 Nfd7 5. f4 c5 6. Nf3 Nc6 7. Be3 cxd4 8. Nxd4 Bc5 9. Qd2 Nxd4 10. Bxd4 Bxd4
11. Qxd4 Qb6 12. Qxb6 Nxb6 13. b3 Bd7 14. Bb5 Rc8 15. Kd2 a6 16. Bd3 Rc7 17. Ne2 Ke7 18. Rac1 Rhc8 19. Nd4 Be8 20. Rhe1 Nd7
21. f5 Nf8 22. c4
1-0

[Event "beatus homo qui invenit sapentiam"]
[Site "SchemingMind.com"]
[Date "2008.08.26"]
[Round "-"]
[White "pedrinho"]
[Black "jtaylor"]
[Result "1-0"]
[WhiteCountry "GBR"]
[BlackCountry "USA"]
[WhiteElo "1725"]
[WhiteRD "87"]
[BlackElo "1601"]
[BlackRD "55"]
[GameID "168655"]

1. d4 Nf6 2. Nf3 g6 3. b3 Bg7 4. Bb2 O-O 5. Nbd2 d6 6. e3 Nc6 7. a3 e5 8. dxe5 dxe5 9. Nxe5 Nxe5 10. Bxe5 Re8
11. Bd4 Qxd4 12. Rc1 Bf5 13. Bb5 c6 14. O-O Qc5 15. Bd3 Bxd3 16. cxd3 Qxa3 17. d4 Qe7 18. h3 Rad8 19. Qc2 Nd5 20. Nf3 h6
21. Rfd1 Qe4 22. Qc5 a6 23. Qc4 Rd6 24. Nd2 Qe6 25. Qd3 Nb4 26. Qb1 Rd5 27. Kh2 Qf5 28. Qxf5 Rxf5 29. Nf3 h5 30. Kg1 g5
31. Rc4 a5 32. Nd2 Nd3 33. Rf1 Bf6 34. g4 hxg4 35. hxg4 Rd5 36. Kg2 Kg7 37. Kf3 Rh8 38. Ne4 Rh3+ 39. Ke2 Rd8 40. Nxf6 Nf4+
41. exf4 Kxf6 42. fxg5+ Kxg5 43. f3 Rd5 44. Ke3 f5 45. gxf5 Kxf5 46. Ra1 Rh2 47. b4 axb4 48. Rxb4 Rh7 49. Ra8 Re7+ 50. Kd3 Kf4
51. Rf8+ Rf5 52. d5+ Ke5 53. Re4+
1-0

[Event "beatus homo qui invenit sapentiam"]
[Site "SchemingMind.com"]
[Date "2008.08.27"]
[Round "-"]
[White "Archon"]
[Black "jtaylor"]
[Result "0-1"]
[WhiteCountry "CAN"]
[BlackCountry "USA"]
[WhiteElo "1740"]
[WhiteRD "56"]
[BlackElo "1601"]
[BlackRD "55"]
[GameID "168656"]

1. Nf3 Nf6 2. c4 g6 3. g3 Bg7 4. Bg2 O-O 5. O-O d6 6. Nc3 Nc6 7. Rb1 e5 8. d3 Ng4 9. Qc2 f5 10. b4 a5
11. b5 Ne7 12. a4 e4 13. Ne1 exd3 14. Nxd3 Rb8 15. Nd5 Nxd5 16. Bxd5+ Kh8 17. Bb2 Qe7 18. Nf4 Re8 19. h4 Bxb2 20. Rxb2 Qf6
21. Kg2 Bd7 22. Rh1 Qd4 23. Qd2 Qxf2+ 24. Kh3 Re3 25. Qd4+ Ne5 26. Bf3 Rxf3 27. exf3 Qxd4
0-1

[Event "beatus homo qui invenit sapentiam"]
[Site "SchemingMind.com"]
[Date "2008.08.26"]
[Round "-"]
[White "tyler199"]
[Black "jtaylor"]
[Result "1-0"]
[WhiteCountry "CAN"]
[BlackCountry "USA"]
[WhiteElo "1763"]
[WhiteRD "60"]
[BlackElo "1601"]
[BlackRD "55"]
[GameID "168657"]

1. e4 e5 2. Nf3 Nc6 3. Bc4 Bc5 4. c3 Nf6 5. d4 exd4 6. cxd4 Bb4+ 7. Bd2 Nxe4 8. Bxb4 Nxb4 9. Bxf7+ Kxf7 10. Qb3+ d5
11. Ne5+ Ke6 12. Qxb4 Qf8 13. Qxf8 Rxf8 14. f3 Nd6 15. Kf2 b6 16. Re1 Kf6 17. Nc3 Bb7 18. Nd7+
1-0

[Event "beatus homo qui invenit sapentiam"]
[Site "SchemingMind.com"]
[Date "2008.08.27"]
[Round "-"]
[White "acbrasileiro"]
[Black "jtaylor"]
[Result "1/2-1/2"]
[WhiteCountry "BRA"]
[BlackCountry "USA"]
[WhiteElo "1964"]
[WhiteRD "88"]
[BlackElo "1638"]
[BlackRD "63"]
[GameID "168712"]

1. Nf3 Nf6 2. b3 g6 3. Bb2 Bg7 4. e4 d6 5. c4 O-O 6. Nc3 e5 7. Be2 Nc6 8. O-O Ne8 9. Rc1 f5 10. d3 Nd4
11. Nxd4 exd4 12. Nb5 c5 13. f4 a6 14. Na3 fxe4 15. dxe4 Nf6 16. Bf3 Rb8 17. Nc2 Qe7 18. Qe2 Bd7 19. e5 dxe5 20. fxe5 Ne8
21. Bd5+ Be6 22. Rxf8+ Kxf8 23. Rf1+ Kg8 24. Bxe6+ Qxe6 25. Qf3 Nc7 26. Ne1 Bxe5 27. Nd3 Bd6 28. Bc1 Rf8 29. Qxb7 Rxf1+ 30. Kxf1 Bxh2
31. Qf3 Bd6 32. Bh6 Qe7 33. Nf2 Ne8 34. Qd5+ Qf7 35. Qxf7+ Kxf7 36. Ne4 Be7 37. Bg5 Bxg5 38. Nxg5+ Kf6 39. Ne4+ Ke5 40. Nxc5 Nc7
41. Ke2 Kf4 42. Kd3 Ke5 43. Nd7+ Kf4 44. Kxd4 Kg3 45. Ke5 Kxg2 46. Kf4 Ne6+ 47. Kg4 h5+ 48. Kh4 Kf3 49. Ne5+ Ke3 50. Nxg6 Kd3
51. Ne7 Kc3 52. Nd5+ Kb2 53. Nb4 a5 54. Nc6 Kxa2 55. Nxa5 Ka3 56. Kxh5=
1/2-1/2

[Event "beatus homo qui invenit sapentiam"]
[Site "SchemingMind.com"]
[Date "2008.08.27"]
[Round "-"]
[White "acbrasileiro"]
[Black "pedrinho"]
[Result "1-0"]
[WhiteCountry "BRA"]
[BlackCountry "GBR"]
[WhiteElo "1910"]
[WhiteRD "93"]
[BlackElo "1749"]
[BlackRD "76"]
[GameID "168713"]

1. d4 Nf6 2. Nf3 c5 3. e3 Nc6 4. a3 e6 5. dxc5 Bxc5 6. b4 Bb6 7. c4 a6 8. c5 Bc7 9. Bb2 d5 10. cxd6 Qxd6
11. Qxd6 Bxd6 12. Bxf6 gxf6 13. Nc3 e5 14. Nd5 f5 15. Nb6 Rb8 16. Rd1 Bc7 17. Nxc8 Rxc8 18. Be2 O-O 19. O-O e4 20. Nd4 Ne5
21. Nxf5 Ng6 22. Rd7 Rfd8 23. Rfd1 Ne5 24. Rxd8+ Bxd8 25. Nd6 Rc7 26. Nxb7 Bf6 27. Nc5 a5 28. Nxe4 axb4 29. Nxf6+
1-0

[Event "beatus homo qui invenit sapentiam"]
[Site "SchemingMind.com"]
[Date "2008.08.27"]
[Round "-"]
[White "acbrasileiro"]
[Black "Archon"]
[Result "1-0"]
[WhiteCountry "BRA"]
[BlackCountry "CAN"]
[WhiteElo "1857"]
[WhiteRD "101"]
[BlackElo "1740"]
[BlackRD "56"]
[GameID "168714"]

1. b3 d5 2. Bb2 Bg4 3. h3 Bh5 4. d4 e6 5. Nd2 Nf6 6. Ngf3 Bb4 7. c3 Bd6 8. e3 Nbd7 9. Bd3 Bg6 10. Bxg6 hxg6
11. c4 c6 12. O-O Qc7 13. c5 Be7 14. b4 Rh5 15. Ne5 Nxe5 16. dxe5 Nd7 17. f4 g5 18. Qxh5
1-0

[Event "beatus homo qui invenit sapentiam"]
[Site "SchemingMind.com"]
[Date "2008.08.27"]
[Round "-"]
[White "acbrasileiro"]
[Black "tyler199"]
[Result "1-0"]
[WhiteCountry "BRA"]
[BlackCountry "CAN"]
[WhiteElo "1910"]
[WhiteRD "93"]
[BlackElo "1633"]
[BlackRD "53"]
[GameID "168715"]

1. d4 Nf6 2. c4 g6 3. e3 Bg7 4. Nc3 O-O 5. Bd3 d6 6. Nf3 Nbd7 7. O-O a5 8. Na4 b6 9. b3 Bb7 10. Bb2 Re8
11. d5 Nf8 12. Re1 e6 13. dxe6 Nxe6 14. e4 Nd7 15. Bxg7 Kxg7 16. Qc1
1-0

[Event "beatus homo qui invenit sapentiam"]
[Site "SchemingMind.com"]
[Date "2008.08.27"]
[Round "-"]
[White "jtaylor"]
[Black "acbrasileiro"]
[Result "0-1"]
[WhiteCountry "USA"]
[BlackCountry "BRA"]
[WhiteElo "1632"]
[WhiteRD "61"]
[BlackElo "1922"]
[BlackRD "93"]
[GameID "168716"]

1. e4 c5 2. Nf3 d6 3. d4 cxd4 4. Nxd4 Nf6 5. Nc3 a6 6. Be3 g6 7. Qd2 Ng4 8. O-O-O Nxe3 9. Qxe3 Bg7 10. Be2 Nc6
11. Nb3 Nb4 12. Kb1 Be6 13. a3 Bxb3 14. cxb3 Nc6 15. Rc1 Bd4 16. Qg3 e6 17. f4 Bg7 18. Rhd1 Nd4 19. Bc4 b5 20. Bf1 Nxb3
21. Rc2 Na5 22. f5 Nb7 23. fxe6 fxe6 24. Qh3 Qe7 25. Be2 O-O 26. Bf3 Rad8 27. Ne2 Na5 28. Bg4 Rde8 29. Rdc1 Qf6 30. Nc3 Nb3
31. Rd1 h5 32. Bf3 Nd4 33. e5 Qxe5 34. Rcc1 Nxf3 35. gxf3 d5 36. Re1 Qf5+ 37. Qxf5 Rxf5 38. Nxd5 Rxd5 39. Rc6 Rd2 40. h4 Rxb2+
41. Kc1 a5
0-1

[Event "beatus homo qui invenit sapentiam"]
[Site "SchemingMind.com"]
[Date "2008.08.27"]
[Round "-"]
[White "pedrinho"]
[Black "acbrasileiro"]
[Result "0-1"]
[WhiteCountry "GBR"]
[BlackCountry "BRA"]
[WhiteElo "1749"]
[WhiteRD "76"]
[BlackElo "1910"]
[BlackRD "93"]
[GameID "168717"]

1. d4 d5 2. Nf3 Bg4 3. Ne5 Bf5 4. e3 e6 5. Bd3 Bxd3 6. Qxd3 Bd6 7. O-O Nd7 8. f4 Ngf6 9. Nd2 c5 10. c3 c4
11. Qc2 b5 12. b4 cxb3 13. axb3 Qc7 14. Ba3 b4 15. Bb2 bxc3 16. Qxc3 Qxc3 17. Bxc3 O-O 18. Nc6 Rfc8 19. Ra6 Nb6 20. Ne7+ Bxe7
21. Ba5 Bd8 22. Bb4 Rc2 23. Rfa1 Nc8 24. Nf3 Ng4 25. Nh4 Bxh4
0-1

[Event "beatus homo qui invenit sapentiam"]
[Site "SchemingMind.com"]
[Date "2008.08.27"]
[Round "-"]
[White "Archon"]
[Black "acbrasileiro"]
[Result "0-1"]
[WhiteCountry "CAN"]
[BlackCountry "BRA"]
[WhiteElo "1693"]
[WhiteRD "57"]
[BlackElo "1964"]
[BlackRD "88"]
[GameID "168718"]

1. Nf3 c5 2. c4 d6 3. g3 Nc6 4. Bg2 Nf6 5. Nc3 g6 6. O-O Bg7 7. a3 O-O 8. Rb1 Na5 9. d3 Rb8 10. b4 cxb4
11. axb4 Nc6 12. b5 Na5 13. Bb2 b6 14. Nd2 Bb7 15. Nde4 Nxe4 16. Nxe4 Bxb2 17. Rxb2 d5 18. cxd5 Bxd5 19. Qc1 Ba8 20. Qh6 Bxe4
21. Bxe4 Qd4 22. Rc2 Qe5 23. Bc6 Nxc6 24. bxc6 Rbc8 25. Qc1 Rc7 26. Re1 Rfc8 27. d4 Qxd4 28. e3 Qe4 29. Rd1 Rxc6 30. Rxc6 Rxc6
31. Rd8+ Kg7 32. Qa1+ f6 33. Rd7 a5 34. Qd1 Qb4 35. Qd5 Rc2 36. Kg2 Qc5 37. Qb7 Qc6+ 38. Qxc6 Rxc6 39. Rxe7+ Kh6 40. Ra7 Rc4
41. Ra6 Rb4 42. Kf3 f5 43. h3 Kg5 44. h4+ Kf6 45. Ra7 h5 46. Ra6 Ke5 47. Kg2 Kd5 48. Ra8 Rc4 49. Rg8 Rc6 50. Rd8+ Kc5
51. Kf3 a4 52. e4 fxe4+ 53. Kxe4 Re6+ 54. Kf3 a3 55. Ra8 Kb4 56. Kf4 Kb3
0-1

[Event "beatus homo qui invenit sapentiam"]
[Site "SchemingMind.com"]
[Date "2008.08.27"]
[Round "-"]
[White "tyler199"]
[Black "acbrasileiro"]
[Result "0-1"]
[WhiteCountry "CAN"]
[BlackCountry "BRA"]
[WhiteElo "1633"]
[WhiteRD "53"]
[BlackElo "1910"]
[BlackRD "93"]
[GameID "168719"]

1. d4 Nf6 2. c4 e6 3. Nc3 d5 4. Bg5 Be7 5. e3 O-O 6. Nf3 h6 7. Bh4 Ne4 8. Bxe7 Qxe7 9. Qc2 Nxc3 10. Qxc3 dxc4
11. Bxc4 Rd8 12. O-O Nd7 13. Rac1 c6 14. Rfd1 Nb6 15. Bd3 Nd5 16. Qb3 Qb4
0-1

[Event "beatus homo qui invenit sapentiam"]
[Site "SchemingMind.com"]
[Date "2008.08.31"]
[Round "-"]
[White "Schaakmaatje"]
[Black "jtaylor"]
[Result "1-0"]
[WhiteCountry "NED"]
[BlackCountry "USA"]
[WhiteElo "1837"]
[WhiteRD "46"]
[BlackElo "1601"]
[BlackRD "55"]
[GameID "169064"]

1. e4 e5 2. Nf3 Nc6 3. d4 exd4 4. Nxd4 Nf6 5. Bg5 h6 6. Be3 Nxe4 7. Bc4 d5 8. Bb3 Be7 9. Nd2 Nxd4 10. Bxd4 O-O
11. Nxe4 dxe4 12. c3 Qd6 13. Qh5 Bf6 14. Rd1 Qe7 15. Be3 Bd7 16. O-O Bc6 17. Rd2 Rad8 18. Rfd1 Qe5 19. Qxe5
1-0

[Event "beatus homo qui invenit sapentiam"]
[Site "SchemingMind.com"]
[Date "2008.09.01"]
[Round "-"]
[White "Schaakmaatje"]
[Black "pedrinho"]
[Result "1-0"]
[WhiteCountry "NED"]
[BlackCountry "GBR"]
[WhiteElo "1851"]
[WhiteRD "48"]
[BlackElo "1749"]
[BlackRD "76"]
[GameID "169065"]

1. d4 Nf6 2. Bg5 Ne4 3. Bh4 c5 4. f3 g5 5. fxe4 gxh4 6. e3 e6 7. Nf3 a6 8. Be2 b5 9. O-O c4 10. Nc3 Bh6
11. Ne5 O-O 12. Ng4 Bg5 13. e5 Bb7 14. Bf3 Nc6 15. Qe2 Rb8 16. Be4 d5 17. exd6 Qxd6 18. Nf6+ Bxf6 19. Rxf6 Ne7 20. Raf1 Bxe4
21. Nxe4 Qc6 22. Qg4+ Ng6 23. Ng5 Qe8 24. Qh5
1-0

[Event "beatus homo qui invenit sapentiam"]
[Site "SchemingMind.com"]
[Date "2008.09.01"]
[Round "-"]
[White "Schaakmaatje"]
[Black "Archon"]
[Result "1/2-1/2"]
[WhiteCountry "NED"]
[BlackCountry "CAN"]
[WhiteElo "1851"]
[WhiteRD "48"]
[BlackElo "1718"]
[BlackRD "54"]
[GameID "169066"]

1. e4 d6 2. d4 Nf6 3. Nc3 g6 4. Bd3 Bg7 5. Nf3 O-O 6. Bf4 Nc6 7. O-O Bg4 8. Be3 Nd7 9. Be2 Bxf3 10. Bxf3 e5
11. Ne2 exd4 12. Nxd4 Nxd4 13. Bxd4 Nf6 14. c3 Re8 15. Re1 c6 16. Qc2 Qa5 17. Re2 Nd7 18. Bxg7 Kxg7 19. Rd1 Ne5 20. Re3 Rad8
21. Be2 Qxa2 22. c4 Qa5 23. b4 Qc7 24. f4 Nd7 25. Bf3 Nf8 26. g3 Ne6 27. Qc3+ Kg8 28. e5 dxe5 29. Rxe5 a6 30. Rde1 Ng7
31. g4 Rxe5 32. Rxe5 Qd7 33. Kg2=
1/2-1/2

[Event "beatus homo qui invenit sapentiam"]
[Site "SchemingMind.com"]
[Date "2008.09.02"]
[Round "-"]
[White "Schaakmaatje"]
[Black "acbrasileiro"]
[Result "0-1"]
[WhiteCountry "NED"]
[BlackCountry "BRA"]
[WhiteElo "1767"]
[WhiteRD "51"]
[BlackElo "1964"]
[BlackRD "88"]
[GameID "169067"]

1. d4 d5 2. Nf3 Bf5 3. c3 e6 4. e3 Nf6 5. Bd3 Bxd3 6. Qxd3 a6 7. Nbd2 c5 8. dxc5 Bxc5 9. Nd4 Nbd7 10. O-O O-O
11. N2b3 Bd6 12. Bd2 Ne5 13. Qe2 Rc8 14. Rad1 Qc7 15. h3 Qc4 16. Bc1 Qa4 17. Bd2 Nc4 18. Be1 Qxa2 19. f3 Qa4 20. Ra1 Qd7
21. g4 Qc7 22. g5 Nh5 23. f4 g6 24. Nf3 Qb6 25. Nbd4 Qxb2 26. Qxb2 Nxb2 27. Rb1 Nc4 28. Nc2 Bc5 29. Nfd4 b5 30. Kg2 Ng7
31. Ra1 Bxd4 32. exd4 Nf5 33. Rxa6 Nfe3+
0-1

[Event "beatus homo qui invenit sapentiam"]
[Site "SchemingMind.com"]
[Date "2008.09.01"]
[Round "-"]
[White "Schaakmaatje"]
[Black "tyler199"]
[Result "1-0"]
[WhiteCountry "NED"]
[BlackCountry "CAN"]
[WhiteElo "1851"]
[WhiteRD "48"]
[BlackElo "1633"]
[BlackRD "53"]
[GameID "169068"]

1. e4 c5 2. Nf3 d6 3. d4 cxd4 4. Nxd4 Nf6 5. Nc3 a6 6. Be2 e6 7. Bg5 Be7 8. O-O Nxe4 9. Bxe7 Nxc3 10. Bxd8 Nxd1
11. Ba5 Nxb2 12. Rab1 Na4 13. Bc7 Nc3 14. Rb3 Nxe2+ 15. Nxe2 b5 16. Bxd6
1-0

[Event "beatus homo qui invenit sapentiam"]
[Site "SchemingMind.com"]
[Date "2008.08.31"]
[Round "-"]
[White "jtaylor"]
[Black "Schaakmaatje"]
[Result "0-1"]
[WhiteCountry "USA"]
[BlackCountry "NED"]
[WhiteElo "1601"]
[WhiteRD "55"]
[BlackElo "1837"]
[BlackRD "46"]
[GameID "169069"]

1. e4 c5 2. Nf3 d6 3. d4 cxd4 4. Nxd4 a6 5. Nc3 e6 6. Be3 Nf6 7. Qd2 Be7 8. f3 O-O 9. O-O-O Nc6 10. g4 Nxd4
11. Qxd4 Ne8 12. f4 Qa5 13. h4 Bf6 14. e5 dxe5 15. Qc5 Qc7 16. fxe5 Bxe5 17. Bd3 Nf6 18. Be2 b5 19. Qxc7 Bxc7 20. g5 Nd5
21. Nxd5 exd5 22. Rxd5 Bb7
0-1

[Event "beatus homo qui invenit sapentiam"]
[Site "SchemingMind.com"]
[Date "2008.08.31"]
[Round "-"]
[White "pedrinho"]
[Black "Schaakmaatje"]
[Result "0-1"]
[WhiteCountry "GBR"]
[BlackCountry "NED"]
[WhiteElo "1749"]
[WhiteRD "76"]
[BlackElo "1851"]
[BlackRD "48"]
[GameID "169070"]

1. d4 d5 2. Nf3 Nf6 3. e3 c6 4. b3 Bf5 5. Bd3 Bxd3 6. cxd3 e6 7. O-O Bd6 8. Nbd2 O-O 9. Bb2 Nbd7 10. Ne5 c5
11. f4 cxd4 12. Bxd4 Qe7 13. Ndf3 Bxe5 14. Nxe5 Rac8 15. Rf3 Nc5 16. Qe2 a6 17. Raf1 Ncd7 18. Rh3 h6 19. g4 Nxe5 20. Bxe5 b5
21. g5 Nh7 22. gxh6 g6 23. Qg2 Rfd8 24. f5 exf5 25. Rxf5 Rc1+ 26. Rf1 Rxf1+ 27. Qxf1 Qxe5 28. e4 dxe4 29. dxe4 Qxe4 30. Rf3 Qg4+
31. Qg2 Rd1+ 32. Rf1 Qxg2+ 33. Kxg2 Rxf1 34. Kxf1 Nf6 35. Kf2 Kh7 36. Kg3 Kxh6
0-1

[Event "beatus homo qui invenit sapentiam"]
[Site "SchemingMind.com"]
[Date "2008.08.31"]
[Round "-"]
[White "Archon"]
[Black "Schaakmaatje"]
[Result "1/2-1/2"]
[WhiteCountry "CAN"]
[BlackCountry "NED"]
[WhiteElo "1724"]
[WhiteRD "55"]
[BlackElo "1804"]
[BlackRD "46"]
[GameID "169071"]

1. Nf3 d5 2. c4 Nf6 3. g3 g6 4. Bg2 Bg7 5. O-O O-O 6. cxd5 Nxd5 7. Nc3 Nb6 8. d3 Nc6 9. Bd2 h6 10. Qc1 Kh7
11. Ne4 Bf5 12. Nh4 Bxe4 13. Bxe4 Nd4 14. Re1 c6 15. b3 f5 16. Bg2 e5 17. Nf3 Nxf3+ 18. exf3 Qxd3 19. Re3 Qd7 20. Bc3 Rfe8
21. Qe1 Qc7 22. Rd1 Nd5 23. Re2 Nxc3 24. Qxc3 Rad8 25. Red2 Bf6 26. f4 Rxd2 27. Qxd2 e4 28. Bf1 Rd8 29. Qc2 Rd4 30. a4 Qd6
31. Rxd4 Qxd4 32. Bc4 c5 33. Qe2 Bd8 34. Kg2 Ba5 35. h4 Bd2 36. h5 g5 37. fxg5 hxg5 38. Bf7 Kh6 39. Bg6 Qd5 40. Bxf5 e3+
41. Qf3 Qxf3+ 42. Kxf3 exf2 43. Kxf2 Kxh5 44. g4+ Kh6 45. Ke2 Bc1 46. Kd3 Kg7 47. Kc4 Be3 48. Bc8 Kf6 49. Bxb7 Ke5 50. Bc8 Bf2
51. Kb5 Kd4 52. Ka6 Kc3 53. Be6 Kb4 54. Bc4 Be3 55. Kxa7 Ka5=
1/2-1/2

[Event "beatus homo qui invenit sapentiam"]
[Site "SchemingMind.com"]
[Date "2008.09.03"]
[Round "-"]
[White "acbrasileiro"]
[Black "Schaakmaatje"]
[Result "1-0"]
[WhiteCountry "BRA"]
[BlackCountry "NED"]
[WhiteElo "1922"]
[WhiteRD "77"]
[BlackElo "1759"]
[BlackRD "55"]
[GameID "169072"]

1. Nf3 d6 2. d4 g6 3. e3 Nf6 4. c4 Bg7 5. Nc3 O-O 6. Be2 c6 7. O-O Nbd7 8. b3 Ne8 9. Bb2 e5 10. dxe5 Nxe5
11. Nxe5 Bxe5 12. Na4 Bxb2 13. Nxb2 Qf6 14. Qd2 Be6 15. Nd3 Ng7 16. Nf4 Bd7 17. Rad1 Rad8 18. Qxd6 Qg5 19. Qc7 Bc8 20. Rxd8 Qxd8
21. Qxd8 Rxd8 22. Rd1 Rxd1+ 23. Bxd1 g5 24. Nd3 f6 25. f4 h6 26. fxg5 hxg5 27. e4 Kf7 28. Kf2 Ke7 29. Kg3 b6 30. h4 gxh4+
31. Kxh4 Be6 32. Bg4 Bf7 33. Kg3 Ne8 34. e5 Bg6 35. exf6+ Nxf6 36. Ne5 Be4 37. Bf3 Kd6 38. Kf4 Bb1 39. a3 c5 40. g4 Ne8
41. Be4 Ba2 42. Bc2 Ng7 43. Nf3 a5 44. a4 Ne6+ 45. Kf5 Nd8 46. Kf6 Nc6 47. Nd2 Nd4 48. Bd1 Ne6 49. g5 Nf4 50. Ne4+
1-0

[Event "beatus homo qui invenit sapentiam"]
[Site "SchemingMind.com"]
[Date "2008.08.31"]
[Round "-"]
[White "tyler199"]
[Black "Schaakmaatje"]
[Result "0-1"]
[WhiteCountry "CAN"]
[BlackCountry "NED"]
[WhiteElo "1633"]
[WhiteRD "53"]
[BlackElo "1851"]
[BlackRD "48"]
[GameID "169073"]

1. d4 Nf6 2. c4 d6 3. Nc3 g6 4. e4 Bg7 5. Nf3 O-O 6. Be2 c6 7. O-O Nbd7 8. Be3 Re8 9. a3 e5 10. d5 Ng4
11. Bg5 f6 12. Bh4 Nb6 13. Nd2 Nh6 14. Rb1 Qc7 15. Qc2 cxd5
0-1